000 00317nam a2200133 i 4500
001 bg
100 1 _aMERCIK, Jacek W.
245 0 _aWybrane problemy decyzji grupowych /
_cJacek W.Mercik.
260 _aWroclaw,
_c1990.
040 _cBPK
041 _apol
942 _cKS
008 s pl f |000 0 pol
999 _c29111
_d29111
856 _uhttp://koha.tu.koszalin.pl/cgi-bin/koha/opac-detail.pl?biblionumber=29111
_yKatalog online BPK